000 00513nam a2200181Ia 4500
999 _c29577
_d29577
003 OSt
005 20210112112053.0
008 190216s9999||||xx |||||||||||||| ||und||
020 _a9788188013326
040 _coclc
082 _a070
_bTHO/M
100 _aThomas, K V
_97003
245 0 _aMadhyama Vichinthanam /
_cK V Thomas ; Mathew J Muttath
260 _bLipi Publication,
_aKozhikode:
_c2009.
300 _a144p
650 _aMalayalam
942 _cBK
_2ddc
_h070
_iTHO/M
_k070
_mTHO/M